|
|
|
|
| LEADER |
00000naa2a2200000 4500 |
| 001 |
385197 |
| 005 |
20231101063337.0 |
| 035 |
|
|
|a (RuTPU)RU\TPU\prd\12811
|
| 090 |
|
|
|a 385197
|
| 100 |
|
|
|a 20030418a2003 k y0rusy50 ca
|
| 101 |
0 |
|
|a rus
|
| 102 |
|
|
|a RU
|
| 200 |
1 |
|
|a Изменчивость морфологических признаков и активности ингибиторов трипсина в листьях растений природных популяций Hedysarum gmelinii Ledeb, произрастающих в различных экологических условиях Горного Алтая
|f О. В. Дорогина, Е. В. Жмудь, Н. А. Карнаухова, Т. С. Черникова
|
| 320 |
|
|
|a Библиогр.: 11 назв.
|
| 461 |
|
1 |
|0 (RuTPU)RU\TPU\prd\1754
|x 0869-8619
|t Сибирский экологический журнал
|o научный журнал
|f Российская академия наук (РАН), Сибирское отделение (СО)
|d 1995-
|
| 463 |
|
1 |
|0 (RuTPU)RU\TPU\prd\12661
|t № 1
|v С. 29-32
|d 2003
|
| 610 |
1 |
|
|a Горный Алтай
|
| 610 |
1 |
|
|a ингибиторы
|
| 610 |
1 |
|
|a трипсин
|
| 610 |
1 |
|
|a экологические условия
|
| 610 |
1 |
|
|a бобовые растения
|
| 610 |
1 |
|
|a корма
|
| 610 |
1 |
|
|a морфология
|
| 675 |
|
|
|a 577.112:633.31/37
|v 3
|
| 701 |
|
1 |
|a Дорогина
|b О. В.
|
| 701 |
|
1 |
|a Жмудь
|b Е. В.
|
| 701 |
|
1 |
|a Карнаухова
|b Н. А.
|
| 701 |
|
1 |
|a Черникова
|b Т. С.
|
| 801 |
|
1 |
|a RU
|b 63413507
|c 20030418
|g PSBO
|
| 801 |
|
2 |
|a RU
|b 63413507
|c 20131209
|g RCR
|
| 942 |
|
|
|c BK
|